Catalog

Record Details

Catalog Search



Mistletoe miracles  Cover Image Book Book

Mistletoe miracles / Jodi Thomas.

Thomas, Jodi, (author.).

Summary:

"A small-town Texas Christmas story, where hearts are lost, love is found, and family always brings you back home. Griffin Holloway is desperate: the Maverick Ranch has been in his family for generations, but lately, it's a money pit. He'd sooner marry one of his horses than sell the ranch. Marriage, though, could be a solution. If he can woo a wealthy bride, he might save the ranch--just in time for Christmas. Jaxon O'Grady likes his solitude just fine, thank you very much. But when a car accident brings the unexpected to his door, he realizes just how much one person can need another. Crossroads is the perfect place for Jamie Johnson: avoiding nosy questions about why she's single, she's happy to keep to her lakeside home. So she's baffled when she gets the strangest Christmas present of all, in the form of a Mr. Johnson, asleep on her sofa. Who is he, and why does everyone think he's her husband? In this uplifting novel, three unlikely couples discover just what Crossroads, Texas, can offer: romance, belonging, and plenty of Christmas spirit."--Amazon

Record details

  • ISBN: 9781335005632
  • ISBN: 1335005633
  • Physical Description: 361 pages ; 17 cm
  • Publisher: Toronto, Ontario, Canada : HQN Books, [2018]
Subject: Marriage > Fiction.
Ranches > Fiction.
Texas > Fiction.
Genre: Christmas stories.
Love stories.
Love stories.
Christmas fiction.
Romance fiction.

LDR 03821cam a2200709 i 4500
001158466
003SBPL
00520220526164336.0
008180802t20182018onc 000 f eng d
020 . ‡a9781335005632 ‡q(paperback)
020 . ‡a1335005633 ‡q(paperback)
020 . ‡z9781335005922
020 . ‡z1335005927
035 . ‡a(OCoLC)1047603366 ‡z(OCoLC)1052765091 ‡z(OCoLC)1242972575 ‡z(OCoLC)1246543833 ‡z(OCoLC)1273626689
043 . ‡an-us-tx
05014. ‡aPS3570.H5643 ‡bM57 2018
05500. ‡aPR1309.L68 ‡bH3 no. a25049
08204. ‡a813/.54 ‡223
084 . ‡aFIC027290 ‡aFIC027100 ‡aFIC027020 ‡2bisacsh
084 . ‡acci1icc ‡2lacc
1001 . ‡aThomas, Jodi, ‡eauthor.
24510. ‡aMistletoe miracles / ‡cJodi Thomas.
264 1. ‡aToronto, Ontario, Canada : ‡bHQN Books, ‡c[2018]
300 . ‡a361 pages ; ‡c17 cm
336 . ‡atext ‡btxt ‡2rdacontent
337 . ‡aunmediated ‡bn ‡2rdamedia
338 . ‡avolume ‡bnc ‡2rdacarrier
4901 . ‡aRansom Canyon series
520 . ‡a"A small-town Texas Christmas story, where hearts are lost, love is found, and family always brings you back home. Griffin Holloway is desperate: the Maverick Ranch has been in his family for generations, but lately, it's a money pit. He'd sooner marry one of his horses than sell the ranch. Marriage, though, could be a solution. If he can woo a wealthy bride, he might save the ranch--just in time for Christmas. Jaxon O'Grady likes his solitude just fine, thank you very much. But when a car accident brings the unexpected to his door, he realizes just how much one person can need another. Crossroads is the perfect place for Jamie Johnson: avoiding nosy questions about why she's single, she's happy to keep to her lakeside home. So she's baffled when she gets the strangest Christmas present of all, in the form of a Mr. Johnson, asleep on her sofa. Who is he, and why does everyone think he's her husband? In this uplifting novel, three unlikely couples discover just what Crossroads, Texas, can offer: romance, belonging, and plenty of Christmas spirit."--Amazon
650 0. ‡aMarriage ‡vFiction.
650 0. ‡aRanches ‡vFiction.
651 0. ‡aTexas ‡vFiction.
655 0. ‡aChristmas stories.
655 4. ‡aLove stories.
655 7. ‡aLove stories.
655 7. ‡aChristmas fiction. ‡2lcgft
655 7. ‡aRomance fiction. ‡2lcgft
8001 . ‡aThomas, Jodi. ‡tRansom Canyon romance.
901 . ‡a158466 ‡b ‡c158466 ‡tbiblio

Additional Resources